Conflicto de representaciones: América Latina como lugar para la filosofía
Збережено в:
| Автор: | |
|---|---|
| Формат: | Книга |
| Мова: | Іспанська |
| Опубліковано: |
Santiago
Fondo de Cultura Económica
2010
|
| Редагування: | 1a. ed |
| Предмети: | |
| Теги: |
Додати тег
Немає тегів, Будьте першим, хто поставить тег для цього запису!
|
MARC
| LEADER | 00000cam a2200000 a 4500 | ||
|---|---|---|---|
| 001 | UCG4782 | ||
| 003 | CL-VaPUC | ||
| 008 | 101202e20100000CL |||||||||||||||||spa|d | ||
| 020 | |a 9789562890830 | ||
| 082 | 0 | 4 | |a 199.8 |b SAN |2 21 |
| 100 | 0 | |a Santos Herceg, José |e author |9 554224 | |
| 245 | 1 | 0 | |a Conflicto de representaciones: América Latina como lugar para la filosofía |
| 250 | |a 1a. ed | ||
| 300 | |a 300 p | ||
| 942 | |c BK | ||
| 945 | |d 20101202 00:00:00 |a cmena | ||
| 260 | |a Santiago |b Fondo de Cultura Económica |c 2010 | ||
| 650 | 0 | |a Filosofía contemporánea |9 265372 | |
| 650 | 7 | |a FILOSOFOS LATINOAMERICANOS |2 CL-VaPUC |9 554225 | |
| 650 | 0 | |a Escuelas filosóficas |9 266232 | |
| 583 | |a last modification |c 20170531 10:58:13 |k Rodrigo Vera | ||
| 999 | |c 343416 |d 343414 | ||
| 952 | |0 0 |1 0 |4 0 |6 199_800000000000000_SAN_2010 |7 0 |8 A |9 440708 |a BIBEDU |b BIBEDU |d 2019-11-22 |i 4740718 |l 3 |m 2 |o 199.8 SAN 2010 |p 4740718 |r 2024-07-03 |s 2021-11-29 |w 2019-11-22 |y BK |k FIL | ||
| 952 | |0 0 |1 0 |4 0 |6 199_800000000000000_SAN_2010 |7 0 |8 A |9 440709 |a BIBEDU |b BIBEDU |d 2019-11-22 |i 4916352 |l 1 |o 199.8 SAN 2010 |p 4916352 |r 2025-04-10 |s 2025-04-07 |w 2019-11-22 |y BK |k EPE | ||